Top Goalscorers Since Ferguson left - Statistics

General Stats
  • This quiz has been taken 158 times
    27 since last reset
  • The average score is 18 of 31
Answer Stats
Answer Premier League League Cup FA Cup Europa League Champions League Total % Correct
Bruno Fernandes 56 4 8 9 6 83
95%
Marcus Rashford 84 16 9 14 12 135
95%
Anthony Martial 63 9 5 6 5 90
90%
Cristiano Ronaldo 19 0 0 2 6 27
90%
Paul Pogba 28 2 1 6 2 38
86%
Wayne Rooney 42 1 5 2 6 54
86%
Robin Van-Persie 22 0 0 0 4 26
76%
Jadon Sancho 9 1 0 1 1 12
67%
Scott McTominay 19 2 5 2 1 29
67%
Jesse Lingard 20 4 4 3 0 26
62%
Rasmus Hojlund 11 0 0 0 6 18
62%
Romelu Lukaku 28 0 6 0 7 42
62%
Zlatan Ibrahimovic 17 4 1 5 0 28
62%
Alejandro Garnacho 13 4 2 2 0 22
57%
Antony 5 2 3 2 0 12
57%
Fred 8 1 2 3 0 14
57%
Ángel Di Maria 3 0 1 0 0 4
52%
Edinson Cavani 12 1 0 6 0 19
52%
Harry Maguire 4 0 2 0 2 8
52%
Juan Mata 34 6 5 4 2 51
52%
Mason Greenwood 20 2 3 6 1 32
52%
Casemiro 6 4 3 0 2 15
48%
Radamel Falcao 4 0 0 0 0 4
48%
Antonio Valencia 6 0 0 0 2 8
43%
Ander Herrera 12 1 3 1 1 16
38%
Chris Smalling 5 0 1 0 1 7
38%
Odion Ighalo 0 0 3 2 0 5
38%
Marouane Fellaini 12 3 3 1 3 22
33%
Memphis Depay 2 0 0 1 3 7
33%
Daniel James 6 0 0 2 1 9
29%
Anthony Elanga 3 0 0 1 0 4
24%
No matching quizzes found
Score Distribution
Percent of People with Each Score
Percentile by Number Answered
Your Score History
You have not taken this quiz since the last reset